Expedición Colombia : (Registro nro. 7677)

Detalles MARC
000 -CABECERA
Campo de control 01713nam a22003497a 4500
005 - FECHA Y HORA DE LA ULTIMA TRANSACCION
Campo de control 20200104041620.0
008 - ELEMENTOS DE LONGITUD FIJA—INFORMACION GENERAL
Campo de control 101207s2010 ck a bgr 00110 spa d
020 ## - ISBN
ISBN 9789587062359
040 ## - FUENTE DE CATALOGACIÓN
Agencia catalogadora original CO-BoIAVH
Agencia transcriptora CO-BoIAVH
041 ## - IDIOMA
Código de idioma para texto/pista de sonido o título separado Español
044 ## - PAÍS DE PUBLICACIÓN
País de publicación Colombia
082 04 - NUMERO DE CLASIFICACION DECIMAL DEWEY
Número de clasificación 918.61
Número del ítem E96e1
245 10 - MENCION DE TITULO
Título Expedición Colombia :
Parte restante del título fauna, flora y áreas protegidas de nuestro país /
Mención de responsabilidad investigación y textos biodiversidad Instituto de Investigación de Recursos Biológicos "Alexander von Humboldt" ; investigación y textos Parques Nacionales Naturales de Colombia Ángela Echeverry Atehortúa, Clara Esperanza Osorio Dussán ; ilustraciones David Niño Medina ... [et al.].
260 3# - PUBLICACION, DISTRIBUCION, ETC. (PIE DE IMPRENTA)
Lugar de publicación, distribución, etc. Bogotá
Nombre del editor, distribuidor, etc. Casa Editorial El Tiempo,
-- Genfar,
Fecha de publicación, distribución, etc. 2010.
300 ## - DESCRIPCION FISICA
Extensión 351 p. :
Otros detalles físicos il., mapas ;
Dimensiones 31 cm.
500 ## - NOTA GENERAL
Nota general Incluye índice.
650 ## - ASIENTO SECUNDARIO DE MATERIA - TERMINO TEMATICO
Término temático o nombre geográfico como elemento de entrada Flora
Subdivisión geográfica Colombia.
9 (RLIN) 40180
650 ## - ASIENTO SECUNDARIO DE MATERIA - TERMINO TEMATICO
Término temático o nombre geográfico como elemento de entrada Fauna
Subdivisión geográfica Colombia.
9 (RLIN) 40181
650 #4 - ASIENTO SECUNDARIO DE MATERIA - TERMINO TEMATICO
Término temático o nombre geográfico como elemento de entrada Parques nacionales
Subdivisión geográfica Colombia.
9 (RLIN) 40182
651 #4 - ASIENTO SECUNDARIO DE MATERIA - NOMBRE GEOGRAFICO
Nombre geográfico Amazonas (Región, Colombia)
Subdivisión general Descripción.
9 (RLIN) 40183
651 #4 - ASIENTO SECUNDARIO DE MATERIA - NOMBRE GEOGRAFICO
Nombre geográfico Orinoquía (Colombia)
Subdivisión general Descripción.
9 (RLIN) 40184
651 #4 - ASIENTO SECUNDARIO DE MATERIA - NOMBRE GEOGRAFICO
Nombre geográfico Pacífico (Colombia)
Subdivisión general Descripción.
9 (RLIN) 40185
651 #4 - ASIENTO SECUNDARIO DE MATERIA - NOMBRE GEOGRAFICO
Nombre geográfico Andes (Región, Colombia)
Subdivisión general Descripción.
9 (RLIN) 40186
651 #4 - ASIENTO SECUNDARIO DE MATERIA - NOMBRE GEOGRAFICO
Nombre geográfico Caribe (Región, Colombia)
Subdivisión general Descripción.
9 (RLIN) 40187
700 1# - ASIENTO SECUNDARIO - NOMBRE PERSONAL
Nombre personal Castillo Brieva, Andrés,
Término de relación ed.
9 (RLIN) 2133
700 1# - ASIENTO SECUNDARIO - NOMBRE PERSONAL
Nombre personal Echeverry Atehortúa, Ángela.
9 (RLIN) 2134
700 1# - ASIENTO SECUNDARIO - NOMBRE PERSONAL
Nombre personal Osorio Dussán, Clara Esperanza.
9 (RLIN) 2135
700 1# - ASIENTO SECUNDARIO - NOMBRE PERSONAL
Nombre personal Niño Medina, David,
Término de relación il.
9 (RLIN) 2136
710 2# - ASIENTO SECUNDARIO - NOMBRE CORPORATIVO
Nombre corporativo o de jurisdicción como elemento de entrada Instituto de Investigación de Recursos Biológicos Alexander von Humboldt.
9 (RLIN) 204
710 2# - ASIENTO SECUNDARIO - NOMBRE CORPORATIVO
Nombre corporativo o de jurisdicción como elemento de entrada Unidad Administrativa Especial del Sistema de Parques Nacionales Naturales (Colombia)
9 (RLIN) 1708
942 ## - ELEMENTOS ADICIONALES (KOHA)
Sistema de clasificación Dewey Decimal Classification
Tipo de ítem Libro
Koha issues (borrowed), all copies 4
Existencias
Withdrawn status Lost status Sistema de Clasificación Damaged status No para préstamo Colección Inventariado Ubicación Permanente Ubicación actual Fecha de adquisición Fuente de Valor Valor Total Checkouts Número topográfico Inventario / Código de Barras Date last seen Date checked out Ejemplar Price effective from Forma de adquisición Tipo de material
    Dewey Decimal Classification     General Inventariado 2017 Bogotá Bogotá 25/09/2013 Instituto 39000.00 2 LB-918.61 E96e 029400 30/07/2015 30/07/2015 Ej. 1 25/09/2013   Libro
    Dewey Decimal Classification     General Inventariado 2017 Bogotá Bogotá 25/09/2013 Instituto 39000.00 1 LB-918.61 E96e 029398 01/08/2016 01/08/2016 Ej. 3 25/09/2013   Libro
    Dewey Decimal Classification     General Inventariado 2017 Sala Fabio Quevedo Sala Fabio Quevedo 25/09/2013 Instituto 39000.00 1 LB-918.61 E96e 029399 08/11/2013 05/11/2013 Ej. 2 25/09/2013   Libro
    Dewey Decimal Classification     General Inventariado 2017 Sala Fabio Quevedo Sala Fabio Quevedo 15/09/2014 Instituto 39000.00   LB-918.61 E96e1 038373 15/09/2014   Ej. 4 15/09/2014   Libro